Top Scorer 24/25 in den Top 15 Ligen - Statistiken

Allgemein
  • Dieses Quiz wurde 49 mal gespielt
  • Das Durchschnittsergebnis liegt bei 14 aus 50
Antwortstatistiken
Scorer und Liga Spieler % Korrekt
51 / Deutschland Harry Kane
100%
46 / Spanien Kylian Mbappe
97%
67 / Portugal Viktor Gyökeres
89%
35 / England Erling Haaland
84%
45 / Spanien Robert Lewandowski
79%
43 / Spanien Lamine Yamal
76%
57 / England Mohamed Salah
76%
48 / Frankreich Ousmane Dembele
71%
59 / Spanien Raphinha
68%
37 / Spanien Vinicius Junior
58%
43 / Deutschland Serhou Guirassy
55%
31 / Deutschland Florian Wirtz
50%
38 / Deutschland Michael Olise
47%
45 / Türkei Victor Osimhen
47%
31 / Frankreich Desire Doue
32%
45 / 2 Ligen Omar Marmoush
32%
29 / Italien Lautaro Martinez
29%
34 / Deutschland Hugo Ekitike
26%
40 / Frankreich Bradley Barcola
24%
33 / England Alexander Isak
18%
29 / England Bryan Mbeumo
18%
43 / Schweiz Xherdan Shaqiri
18%
37 / Italien Mateo Retegui
16%
31 / England Ollie Watkins
16%
29 / Italien Christian Pulisic
13%
29 / Türkei Edin Dzeko
13%
41 / Portugal Vangelis Pavlidis
13%
42 / Schottland Daizen Maeda
11%
36 / Spanien Julian Alvarez
11%
32 / Schottland Nicolas Kühn
11%
37 / Türkei Youssef En-Nesyri
11%
37 / Frankreich Jonathan David
8%
34 / 2 Ligen Kerem Aktürkoglu
8%
31 / Niederlande Luuk de Jong
8%
35 / 2 Ligen Mika Biereth
8%
31 / Türkei Rafa Silva
8%
32 / Frankreich Rayan Cherki
8%
30 / Schottland Cyriel Dessers
5%
31 / Türkei Dusan Tadic
5%
37 / Niederlande Igor Paixao
5%
36 / Türkei Krzysztof Piatek
5%
29 / Türkei Simon Banza
5%
30 / Griechenland Ayoub El Kaabi
3%
38 / England Bruno Fernades
3%
36 / Niederlande Dem Steijn
3%
29 / Österreich Dominik Fitz
3%
30 / Portugal Francisco Trincao
3%
29 / Niederlande Ismael Saibari
3%
30 / England Morgan Rogers
3%
30 / Ukraine Vladyslav Vanat
3%
Keine übereinstimmenden Quizze gefunden
Verteilung der Resultate
Anzahl Personen mit jedem Resultat
Perzentil nach korrekt beantworteten Fragen
Ihre Resultats-Entwicklung
Sie haben dieses Quiz noch nicht gespielt